Statistiche per Classifica Marcatori Ascoli All-Time

Clicka qui per fare il quiz!

Statistiche generali

  • Questo quiz è stato fatto 3 volte
  • Il punteggio medio è 3 su 10

Statistiche sulle risposte

GolNazioneCalciatore% Corretto
39BrasileCasagrande
100%
49GermaniaOliver Bierhoff
67%
33ItaliaAdelio Moro
33%
52ItaliaAndrea Soncin
33%
29ItaliaDaniele Cacia
33%
36ItaliaGaetano Fontana
33%
26ItaliaAlessio Frati
0%
28ItaliaGiuseppe Greco
0%
31ItaliaMarco Bernacci
0%
28ItaliaRenato Campanini
0%

Distribuzione punteggi

Percentile per numero di risposta

Percentuale di utenti per punteggio

I tuoi punteggi nel tempo

Non hai fatto questo quiz